| 000 | 00601nam a22001937a 4500 | ||
|---|---|---|---|
| 005 | 20240521160242.0 | ||
| 010 | _aENG-140439 | ||
| 020 |
_a9789392038037 _c795.00 |
||
| 035 | _aEN-123971 | ||
| 037 | _bDBAD | ||
| 082 | _a362.1068 | ||
| 100 |
_aRajkhowa, Sriparna _966672 |
||
| 245 |
_aPatient Safety: _bSilos to Synthesis and Synergy/ _cby Sriparna Rajkhowa |
||
| 260 |
_aGuwahati, Assam _bEBH Publishers _c2023 |
||
| 270 |
_a136, M.L. Nehru Road, Panbazar _bGuwahati, Assam _e781001 |
||
| 300 |
_a281p. _c23cm(pb) |
||
| 700 |
_eAuthor _966618 |
||
| 942 |
_2ddc _cEN _h362.1068 _mRAJ |
||
| 999 |
_c203128 _d203128 |
||